| 000 | 00412nam a2200169Ia 4500 | ||
|---|---|---|---|
| 008 | 230524s9999 xx 000 0 und d | ||
| 082 |
_a621.4023 _bTIM |
||
| 100 | _aRoger Timings | ||
| 245 | 0 | _aNewnes Mechanical Engineer's Pocket Book | |
| 250 | _a1ST | ||
| 260 |
_aNEW DELHI _bCBS _c1999 |
||
| 300 | _aXV;596 | ||
| 500 | _aQuantity Number: 3 | ||
| 650 | _aMechanics | ||
| 700 | _a Tony May | ||
| 942 | _cBK | ||
| 999 |
_c17850 _d17850 |
||